LEADER 02384nam 2200649Ia 450 001 9910973400303321 005 20210209164554.0 010 $a9781350238480 010 $a1350238481 010 $a9781783199563 010 $a1783199563 024 7 $a10.5040/9781350238480.00000003 035 $a(CKB)3710000000461602 035 $a(EBL)2136134 035 $a(MiAaPQ)EBC5283007 035 $a(MiAaPQ)EBC2136134 035 $a(Au-PeEL)EBL2136134 035 $a(OCoLC)918624039 035 $a(OCoLC)1235764659 035 $a(Perlego)1811716 035 $a(EXLCZ)993710000000461602 100 $a20160926d2020 uy d 101 0 $aeng 135 $aur|n|---||||| 181 $ctxt$2rdacontent 182 $cc$2rdamedia 183 $acr$2rdacarrier 200 12$aA gambler's guide to dying /$fwritten by Gary McNair 205 $aFirst edition 210 1$aLondon :$cBloomsbury Publishing,$d2020. 215 $a1 online resource (83 p.) 225 1 $aOberon modern plays 300 $aDescription based upon print version of record. 311 08$a9781783199556 311 08$a1783199555 327 $aCover; Half-title Page; Title Page; Copyright; Dedication; Contents; Prologue; 66 World Cup Final; Granddad's House. 1; Bookies 1.; School 1.; Grandad'S House 2.; School 2; Bookies 2; Home; Granddad's 3; Granddad's 4; Granddad's 4; School 3; School 4; Seasons in the Garden; Hospital 1; Hospital 2; Hogmanay; Epilogue 330 $a"What are the odds of living an extraordinary life? This is the story of one boy's granddad who won a fortune betting on the 1966 World Cup and, when diagnosed with cancer, gambled it all on living to see the year 2000. An intergenerational tale of what we live for and what we leave behind"--t.p. verso. 410 0$aOberon modern plays. 606 $aCancer$vDrama 606 $aGambling$vDrama 606 $aGrandfathers$vDrama 606 $aGrandsons$vDrama 606 $aIntergenerational relations$vDrama 615 0$aCancer 615 0$aGambling 615 0$aGrandfathers 615 0$aGrandsons 615 0$aIntergenerational relations 676 $a809.2 700 $aMcNair$b Gary$01796078 801 0$bUkLoBP 801 1$bUkLoBP 801 2$bUkLoBP 906 $aBOOK 912 $a9910973400303321 996 $aA gambler's guide to dying$94337660 997 $aUNINA